سا ت بيٹيوں کا باپ (Record no. 3222)
[ view plain ]
| 000 -LEADER | |
|---|---|
| fixed length control field | 00899 a2200241 4500 |
| 005 - DATE AND TIME OF LATEST TRANSACTION | |
| control field | 20081106120229.0 |
| 008 - FIXED-LENGTH DATA ELEMENTS--GENERAL INFORMATION | |
| fixed length control field | 081106t xxu||||| |||| 00| 0 ur d |
| 010 ## - LCCN (DPL NO) | |
| LC control number | UR-7326 |
| 020 ## - INTERNATIONAL STANDARD BOOK NUMBER | |
| International Standard Book Number | 8190420003 |
| Terms of availability | 101.00 |
| 035 ## - SYSTEM CONTROL NUMBER | |
| System control number | U-5881 |
| 037 ## - SOURCE OF ACQUISITION | |
| Source of stock number/acquisition | D.B.Act / Pub |
| 082 ## - DEWEY DECIMAL CLASSIFICATION NUMBER | |
| Classification number | 842 |
| 100 ## - MAIN ENTRY--PERSONAL NAME | |
| Personal name | کليم عر فی |
| 245 ## - TITLE STATEMENT | |
| Title | سا ت بيٹيوں کا باپ |
| Remainder of title | (ٹی۔ وی -ڈرامہ) |
| Statement of responsibility, etc | کليم عر فی |
| 246 ## - VARYING FORM OF TITLE | |
| Title proper/short title | Saat Betiyoo ka Baap |
| Remainder of title | by Kaleem Urfi |
| 260 ## - PUBLICATION, DISTRIBUTION, ETC. (IMPRINT) | |
| Place of publication, distribution, etc | الہ آبا د |
| Name of publisher, distributor, etc | مکتبہ جا ويد |
| Date of publication, distribution, etc | 2006 |
| 270 ## - ADDRESS | |
| Address | 3/4،اٹا لا کالونی،شو کت علی روڈ، |
| City | الہ آباد |
| Postal code | 211003 |
| 300 ## - PHYSICAL DESCRIPTION | |
| Extent | 112p |
| Dimensions | 22 cm (Pbk.) |
| 650 ## - SUBJECT ADDED ENTRY--TOPICAL TERM | |
| Topical term or geographic name as entry element | ڈرامہ |
| 650 ## - SUBJECT ADDED ENTRY--TOPICAL TERM | |
| Topical term or geographic name as entry element | Drama |
| 942 ## - ADDED ENTRY ELEMENTS (KOHA) | |
| Institution code [OBSOLETE] | dpl |
| Item type | Urdu Bks |
| Source of classification or shelving scheme | Dewey Decimal Classification |
| Classification part | 842 |
| Call number suffix | ک ل ی |
| Withdrawn status | Lost status | Source of classification or shelving scheme | Damaged status | Not for loan | Collection code | Home library | Current library | Date acquired | Cost, normal purchase price | Total Checkouts | Full call number | Barcode | Date last seen | Cost, replacement price | Koha item type |
|---|---|---|---|---|---|---|---|---|---|---|---|---|---|---|---|
| Dewey Decimal Classification | Not For Loan | Non-fiction | D.B.Act.Division | D.B.Act.Division | 06/11/2008 | 101.00 | 842 ک ل ی | U-5881 | 15/09/2008 | 101.00 | Urdu Bks |
